000 00685nam a2200193 4500
008 020517s1997 ch chiCO
020 _a1558744630
090 0 _aBV4850
_bC16
100 1 _aCanfield, Jack
245 1 0 _a心灵鸡汤-關於青少年Chicken soup for the teenage soul{ch} /
_cJack Canfield, Mark V. Hansen, Kimberly Kirberger.
260 _aTaiwan :
_bMorning Star,
_cc1997.
300 _a326 p.
650 4 _aReligious education of young people{ch}.
650 4 _aYouth
_xMeditations{ch}.
650 4 _aYouth
_xReligious life{ch}.
700 1 _aHansen, Mark V.
700 1 _aKirberger, Kimberly
951 _pC-4060
_x00027937
_oBV4850/C16
_j070613111123859
_d2000-12-21
_cCH
999 _c8746
_d8746